000 00941nam a22002297a 4500
005 20240530110510.0
008 151031s2010 ua a g 000 0 ara d
017 _a2010/43843
_bمصر . دار الكتب المصرية
040 _aEG-CaGPL
082 0 4 _221
_a320.9567\
_bع ص
100 0 _aعبدالكريم العلوجى .
245 1 0 _aصراع المرجعيات الشيعية فى شروق و غروب مقتدى الصدر /
_cاعداد عبدالكريم العلوجى .
250 _aط1.
260 _aالقاهرة :
_bمكتبة جزيرة الورد ،
_c2010 .
300 _a277 ص ؛
_c24 سم .
650 0 4 _aالحركات الفكرية عند المسلمين .
651 0 4 _aالعراق
_xالاحوال السياسية .
651 0 4 _aالعراق
_xعقائد الشيعة .
651 0 4 _aالعراق
_xفقه الشيعة .
942 _2ddc
_cBK
999 _c61667
_d61667